[Event "CRO-ch U11 Girls"]
[Site "Trogir"]
[Date "2022.06.25"]
[Round "6"]
[White "Lukinovic, Leoni"]
[Black "Hranilovic, Renata"]
[Result "0-1"]
[WhiteElo "1656"]
[BlackElo "1712"]
[PlyCount "84"]
[EventDate "2022.06.22"]
[EventType "swiss"]
[EventRounds "9"]
[EventCountry "CRO"]
[SourceTitle "CBM 209 Extra"]
[Source "ChessBase"]
[SourceDate "2022.09.30"]
[SourceVersion "1"]
[SourceVersionDate "2022.09.30"]
[SourceQuality "1"]

1. e4 c5 2. Nc3 Nc6 3. d3 e5 4. f4 Nf6 5. f5 g6 6. Nf3 Bg7 7. Be2 0-0 8. 0-0 d6 9. a4 a6 10. Qe1 d5 11. exd5 Nxd5 12. Nxd5 Qxd5 13. fxg6 fxg6 14. h3 Nd4 15. Bd1 c4 16. dxc4 Qxc4 17. Nxd4 Qxd4+ 18. Kh1 Rxf1+ 19. Qxf1 Qd5 20. b3 Bxh3 21. Kh2 e4 22. Kxh3 Bxa1 23. Be2 Kh8 24. Qd1 Qe6+ 25. Kh2 Be5+ 26. Kh1 Bd6 27. Bb2+ Be5 28. Bxe5+ Qxe5 29. Qd2 e3 30. Qd1 Qf6 31. Bd3 Qh4+ 32. Kg1 Qf2+ 33. Kh2 Qh4+ 34. Kg1 Qd4 35. Kh1 Rf8 36. g3 Qd5+ 37. Kh2 Rf2+ 38. Kh3 Qe6+ 39. Kh4 Rh2+ 40. Kg5 h6+ 41. Kf4 Rf2+ 42. Qf3 Qf6+ 0-1